000 00477nam a2200193Ia 4500
003 OSt
005 20250909101704.0
008 250729s2005 xx 000 0 und d
020 _a978-8176483698
040 _cAL
041 _aeng
082 _a371.4 SING
100 _aSingh Kumar
_9222438
245 _aGuidence and career counselling
260 _aNew Delhi
_bA P H Publishing
_c2005
300 _a424p
650 _aGuidence Counselling
_9222439
942 _2ddc
_cBED
999 _c235462
_d235462